01582nam a2200361 a 4500001001200000003000800012006001900020007001500039008004100054020001800095020002700113040002100140035002100161050002300182245009400205250001200299260003700311300004100348490007600389500002800465504004100493505015800534533015200692650002900844650004600873650003000919655002900949700001700978700001700995710001701012830006501029856012601094ebr10532012CaPaEBRm u cr cn|||||||||120309s2012 enkad sb 000 0 eng d z9780857248657 z9780857248664 (e-book) aCaPaEBRcCaPaEBR a(OCoLC)77808131414aGE146b.E58 2012eb00aEnvironment disaster linkagesh[electronic resource] /cedited by Rajib Shaw, Phong Tran. a1st ed. aBingley, U.K. :bEmerald,c2012. axvii, 354 p. :bill. (chiefly col.).1 aCommunity, environment and disaster risk management,x2040-7262 ;vv. 9 aOn cover: EmeraldBooks. aIncludes bibliographical references.0 apt. 1. Overview -- pt. 2. Elements of environmental entry -- pt. 3. Impacts of environment and disaster -- pt. 4. Strategies, planning and a way forward. aElectronic reproduction.bPalo Alto, Calif. :cebrary,d2013.nAvailable via World Wide Web.nAccess may be limited to ebrary affiliated libraries. 0aEnvironmental disasters. 0aNatural disastersxEnvironmental aspects. 0aEnvironmental management. 7aElectronic books.2local1 aShaw, Rajib.1 aTran, Phong.2 aebrary, Inc. 0aCommunity, environment and disaster risk management ;vv. 9.40uhttp://site.ebrary.com/lib/rucke/Doc?id=10532012zAn electronic book accessible through the World Wide Web; click to view